000 00910nam a22002057a 4500
999 _c6998
_d6998
003 AR-CdUCM
008 190319b ||||| |||| 00| 0 eng d
040 _aMUNICIPALIDAD PROVINCIAL DEL CUSCO
_cBIBLIOTECA MUNICIPAL DEL CUSCO
082 _24ed.
_a709 /
_bP56
100 _aPijoán, José
_918769
245 _aSumma Artis, Historia general del arte :
_bEl Arte Griego hasta la toma de Corinto por los Romanos (146 A. J. C.) /
260 _aMadrid
_bEspasa-Calpe, S.A.,
_c1959.
300 _a591 páginas ;
_bIlustraciones en color y b/n.
_c27 cm.
505 _aContenido: La interpretación moderna del pensamiento griego -- Orígenes del arte griego -- El arte griego arcaico -- El arte griego en el siglo V a.de J. C. -- El arte griego en el siglo IV a.de J. C. ...
650 _aHistoria del Arte
_91647
650 _aPintura
_93081
650 _aArte griego
_919722
942 _2ddc
_cLIBROS
945 _anom